000 00239nam a2200097Ia 4500
001 1116651
005 20250827004050.0
008 250824s9999 xx 000 0 und d
245 0 _aÇOK YÖNLÜ
_cDAVID EPSTEIN
260 _bMUNDİ YAYINCILIK
999 _c1116651
_d1116651